00650nam a2200181Ia 4500008004100000020001800041041000800059082002100067100001300088245003400101260002800135300000800163365001600171700002400187906005700211999001900268952018100287230718s9999 xx 000 0 und d a9789351194378 aeng a005.13'3074bZUM aZumel N. aPractical Data Science With R c2014bDreamtech/Manning a389 cRs.b799.00 aZumel N. & Mount J. dO:0485019-Jan-2016B:IN 211225-Dec-2015cCOMPb215.73 c341131d341131 00104070aCCEPbCCEPd2016-01-19ePradeep Book DistributorsfCOMPg583.27iIN 2112l0o005.13'3074pCCEP-BK-52338r2023-07-18 00:00:00t215.73v799.00w2015-12-25yBKz052338